De abril en adelante

সংরক্ষণ করুন:
গ্রন্থ-পঞ্জীর বিবরন
প্রধান লেখক: Veloz Maggiolo, Marcio
বিন্যাস: গ্রন্থ
ভাষা:Undetermined
প্রকাশিত: Santo Domingo, República Dominicana Taller 1975
বিষয়গুলি:
ট্যাগগুলো: ট্যাগ যুক্ত করুন
কোনো ট্যাগ নেই, প্রথমজন হিসাবে ট্যাগ করুন!

MARC

LEADER 00000nam a2200000Ia 4500
008 170316s9999 xx 000 0 und d
040 |a cru BVZT 
090 |a 860 V-13d 
100 |a Veloz Maggiolo, Marcio 
245 |a De abril en adelante 
260 |a Santo Domingo, República Dominicana 
260 |b Taller 
260 |c 1975 
300 |a 278 páginas 
650 |a LITERATURA LATINOAMERICANA 
999 |c 9301  |d 9301 
942 |c 15 D  |h 860 V-13d  |2 z